Normal view MARC view
  • Krauze Kolteniuk, Ethel,

Entry Nombre Personal

Number of records used in: 6

001 - NUMERO DE CONTROL

  • campo de control: 31624

003 - IDENTIFICADOR DE NUMERO DE CONTROL

  • campo de control: UPN

005 - FECHA Y HORA DE LA ÜLTIMA TRANSACCIÓN

  • campo de control: 20210219194425.0

008 - DATOS DE LONGITUD FIJA

  • campo de control de longitud fija: nabaccnnaabn|||||||||| b |nc|||||d

035 ## - NUMERO DE CONTROL

  • Número de control: UPN11000003730

040 ## - FUENTE DE CATALOGACIÓN

  • Lenguaje de catalogación: SPA
  • Agencia de transcripción: UPN

053 #4 - NÚMERO DE CLASIFICACIÓN LC

  • Número de clasificación elemento-número único o número inicial de tramo: PQ7298.21 R3.9

100 1# - ENCABEZAMIENTO - NOMBRE PERSONAL

  • Nombre personal: Krauze Kolteniuk, Ethel,
  • Fechas asociadas con el nombre: 1954-

400 1# - VEÁSE - NOMBRE DE PERSONA

  • Personal name: Krauze, Ethel,
  • Dates associated with a name: 1954-

670 ## - FUENTE EN LA QUE SE LOCALIZARON DATOS

  • Cita de la fuente: T
  • Uniform Resource Identifier: http://www.literatura.inba.gob.mx/literaturainba/diccionarios/diccionario_more.php?id=28_0_2_0_M6

680 ## - NOTA PUBLICA DE ACCESO PÚBLICO

  • Frase explicativa de la referencia: Poeta, ensayista, narradora y dramaturga mexicana

902 ## - CATALOGADOR

  • Catalogador: CAA/011211